Automarken #3 - Statistiken

Allgemein
  • Dieses Quiz wurde 1.395 mal gespielt
  • Das Durchschnittsergebnis liegt bei 8 aus 9
Antworten auf der Karte
Die Antworten werden auf der Karte rot bzw. grün angezeigt, abhängig davon wie oft sie richtig erraten wurden.
 
Antwortstatistiken
Antwort % Korrekt
Ford
96%
KIA
95%
BMW
94%
Nissan
94%
Lotus
93%
JEEP
92%
MINI
90%
Dacia
88%
Fiat
79%
Keine übereinstimmenden Quizze gefunden
Verteilung der Resultate
Anzahl Personen mit jedem Resultat
Perzentil nach korrekt beantworteten Fragen
Ihre Resultats-Entwicklung
Sie haben dieses Quiz noch nicht gespielt